PSD2 hitelezésre gyakorolt hatásainak bemutatása

Bibliográfiai részletek
Szerző: Szőke Krisztina
További közreműködők: Mérő Dr. Katalin
Dokumentumtípus: Diplomadolgozat
Kulcsszavak:PSD2
Bank
Fedezetlen hitelezés
Hitelminősítés
Online Access:http://dolgozattar.uni-bge.hu/22041

MARC

LEADER 00000nta a2200000 i 4500
001 dolg22041
005 20190515143902.0
008 190515suuuu hu om 000 hun d
040 |a BGE Dolgozattár Repozitórium  |b hun 
041 |a hu 
100 1 |a Szőke Krisztina 
245 1 0 |a PSD2 hitelezésre gyakorolt hatásainak bemutatása  |c Szőke Krisztina  |h [elektronikus dokumentum] 
246 1 1 |a PSD2 HITELEZÉSRE GYAKOROLT HATÁSAINAK BEMUTATÁSA 
695 |a PSD2 
695 |a Bank 
695 |a Fedezetlen hitelezés 
695 |a Hitelminősítés 
700 1 |a Mérő Dr. Katalin  |e ths 
856 4 0 |u http://dolgozattar.uni-bge.hu/22041/1/Sz%C5%91ke_Krisztina_szakdolgozat_%20A_PSD2_hatasa_a_hitelezesre.pdf  |z Dokumentum-elérés